Ultra Fast Typing 1-100 - Statistics

General Stats
  • This quiz has been taken 168 times
  • The average score is 30 of 100
Answer Stats
# % Correct
2
100%
3
100%
8
100%
1
98%
4
98%
5
98%
6
98%
7
98%
9
97%
11
88%
14
83%
12
81%
10
79%
13
79%
15
76%
16
76%
17
72%
18
72%
19
71%
21
67%
20
62%
22
62%
23
62%
24
55%
26
52%
25
50%
27
48%
32
48%
33
47%
29
45%
28
43%
31
43%
30
40%
34
34%
35
33%
36
33%
38
33%
37
31%
39
29%
40
24%
41
21%
42
21%
44
21%
55
16%
77
16%
66
14%
43
12%
46
12%
51
12%
45
10%
47
10%
48
9%
52
9%
54
9%
61
9%
64
9%
99
9%
49
7%
50
7%
56
7%
57
7%
60
7%
63
7%
68
7%
69
7%
70
7%
72
7%
73
7%
74
7%
88
7%
92
7%
53
5%
58
5%
59
5%
62
5%
65
5%
67
5%
71
5%
75
5%
81
5%
82
5%
85
5%
90
5%
100
3%
76
3%
79
3%
80
3%
86
3%
98
3%
78
2%
87
2%
89
2%
91
2%
94
2%
95
2%
97
2%
83
0%
84
0%
93
0%
96
0%
No matching quizzes found
Score Distribution
Percent of People with Each Score
Percentile by Number Answered
Your Score History
You have not taken this quiz